Estadísticas para Estados de EE. UU. por Área

Haz click aquí para intentar la prueba.

Estadísticas generales

  • Esta prueba ha sido intentada 2.428 veces
  • La puntuación promedio es 25 de 50

Estadísticas de respuestas

Estado% Correcto
570,641Alaska
94%
155,779California
94%
261,232Texas
94%
145,546Montana
80%
97,093Wyoming
76%
113,594Arizona
75%
81,759Kansas
75%
95,988Oregon
75%
82,170Utah
74%
103,642Colorado
71%
121,298Nuevo México
71%
109,781Nevada
69%
82,643Idaho
67%
75,811Dakota del Sur
66%
69,001Dakota del Norte
65%
57,513Georgia
61%
53,625Florida
60%
66,456Washington
58%
1,034Rhode Island
53%
55,519Illinois
50%
76,824Nebraska
50%
68,595Oklahoma
49%
54,158Wisconsin
48%
1,949Delaware
47%
50,645Alabama
46%
52,035Arkansas
46%
55,857Iowa
45%
39,486Kentucky
43%
40,861Ohio
43%
9,217Vermont
43%
39,490Virginia
43%
6,423Hawái
40%
79,627Minnesota
40%
4,842Connecticut
39%
35,826Indiana
38%
44,743Pennsylvania
37%
43,204Luisiana
36%
56,539Míchigan
36%
41,235Tennessee
36%
68,742Misuri
35%
48,618Carolina del Norte
34%
47,126Nueva York
34%
24,038Virginia Occidental
32%
30,843Maine
30%
8,953Nuevo Hampshire
29%
7,354Nueva Jersey
27%
30,061Carolina del Sur
24%
7,800Massachusetts
24%
46,923Misisipi
23%
9,707Maryland
22%

Distribución de puntuación

Porcentaje por número respondido

Porcentaje de gente con cada puntuación

Historial de tus puntuaciones

No has intentado esta prueba.